| 000 | 00785nam a2200205 a 4500 | ||
|---|---|---|---|
| 003 | 0 | ||
| 005 | 20250423085009.0 | ||
| 008 | 970114s19uu xx 00 eng d | ||
| 050 |
_aPGS HQ 755.8 _b.M578 2003 |
||
| 100 | _aMesina, Bryan Vincent Q. | ||
| 245 |
_aAdvantages and disadvantages of big families among selected students of Southville International School / _cBryan Vincent Q. Mesina. |
||
| 260 |
_aLas PiƱas City, Philippines : _bSouthville International School and Colleges, _c2003. |
||
| 300 |
_a39 pages : _billustrations ; _c28 cm. |
||
| 504 | _aIncludes bibliographical references. | ||
| 650 | _aLarge families. | ||
| 650 | _aFamily size. | ||
| 650 |
_aChildren _vFamily relationships. |
||
| 650 |
_aElementary school students _vAttitudes. |
||
| 942 |
_2lcc _cPASS |
||
| 999 |
_c96892 _d96892 |
||